000 00358nam a2200157Ia 4500
003 Ost
005 20260225132541.0
008 260225s9999||||xx |||||||||||||| ||und||
040 _cfsic
041 _afre
082 _a297.09
100 _anoel j.csulson
_eAuteur
245 0 _aHistoire du droit islamique /
245 0 _cnoel j.csulson
942 _cكتاب
999 _c33528
_d33528